Top 10 Biggest Cities in Italy. - Statistics

General Stats
  • This quiz has been taken 57 times
  • The average score is 8 of 10
Answer Stats
Hint Answer % Correct
Called the 'fashion capital' of Italy. Milan
100%
Is the capital of Italy. Rome
100%
Has world-famous pizza. Naples
98%
Capital and largest city in Sicily. Palermo
89%
Birthplace of the renaissance period. Florence
87%
Where the car brand Fiat originated. Turin
83%
Has the oldest university in the world still in operation. Bologna
77%
Birthplace of Christopher Colombus. Genoa
77%
Sits at the foot of Mount Etna. Catania
45%
Home to the Basilica of San Nicola, a pilgrimage site. Bari
42%
No matching quizzes found
Score Distribution
Percent of People with Each Score
Percentile by Number Answered
Your Score History
You have not taken this quiz